| 000 | 01019nam a22002417a 4500 | ||
|---|---|---|---|
| 999 |
_c2499 _d2499 |
||
| 003 | AR-CdUCM | ||
| 008 | 190304b ||||| |||| 00| 0 spa d | ||
| 020 | _a950-885-012-4 | ||
| 040 |
_aMUNICIPALIDAD PROVINCIAL DEL CUSCO _cBIBLIOTECA MUNICIPAL DEL CUSCO |
||
| 082 |
_a343.2 / _bT49 |
||
| 245 |
_aLa democracia dividida : _bcooperación y conflicto entre el Presidente y el Congreso / |
||
| 260 |
_aBuenos Aires : _bHeliasta, _c1995. |
||
| 300 |
_a346 páginas ; _c23 cm. |
||
| 505 | _aContenido: El congreso en el marco del sistema presidencial -- El gobierno dividido y el problema del ejercicio del poder -- La presidencia y las tres eras del congreso moderno -- El contexto de la formulación de políticas en el congreso ... | ||
| 650 |
_aEstados Unidos _91805 |
||
| 650 |
_aSeparación de poderes _98899 |
||
| 650 |
_aPoder legislativo _98900 |
||
| 650 |
_aPoder ejecutivo _98901 |
||
| 650 |
_aPoder y deberes _98902 |
||
| 700 |
_aThurber, James A. (compilador) _98903 |
||
| 942 |
_2ddc _cLIBROS |
||
| 945 | _azta | ||